| 000 | 00569nam a2200193 i 4500 | ||
|---|---|---|---|
| 001 | 91029 | ||
| 003 | ES-MaACL | ||
| 005 | 20250905133535.0 | ||
| 007 | t| | ||
| 008 | 050126s1978 sp f |||| |bspa d | ||
| 100 | 1 |
_aLera, Ángel María de, _d1912-1984 _971742 |
|
| 245 | 1 | 0 |
_aÁngel Pestaña _b: retrato de un anarquista / _cAngel Mª de Lera. |
| 250 | _a2ª ed. | ||
| 260 |
_aBarcelona : _bArgos, _c1978. |
||
| 300 |
_a357 p., 6 lám. ; _c20 cm. |
||
| 600 | 1 | 4 |
_aPestaña, Angel, _d1886-1937 _991455 |
| 852 |
_aES-MaACL _jA-8666 |
||
| 999 |
_c91029 _d91029 |
||